00622nam a2200181 450000500170000001000250001702000260004203500300006803700150009803700140011308200180012708200110014510000290015624501290018526000370031427000630035130000260041420180731142257.0 a1718EN-30 ENG-123633 a9788178244952c495.00 aB-682963-964 EN-107165 bAakaradpl bDBAD/PUB  bNOVa891.4609 a861.09 aNovetzke, Christian Lee  aThe quotidian revolution:cby Christian Lee Novetzkebvernacularization, religion and the premodern public sphere in India / aRanikhet bPermanent Blackc2017 aHimalayana, Mall Road, Ranikhet Cantt. bRanikhet e263645 axxiv, 402p.b21cm(hb)